Estadísticas para Prueba de Arabia Saudita

Haz click aquí para tomar la prueba!

Estadísticas generales

  • Esta prueba ha sido tomada 167 veces
  • La puntuación promedio es 13 de 24

Estadísticas de respuestas

PistaRespuesta% Correcto
Idioma oficialÁrabe
94%
CapitalRiad
92%
La religión del EstadoIslam suní
92%
Exportación superiorPetróleo
90%
La ciudad más santaMeca
85%
Mares y golfos limítrofesMar {Rojo}
77%
Mares y golfos limítrofesGolfo {Pérsico}
74%
Era ilegal que las mujeres hicieran esto (hasta 2017)Conducir
71%
Lo que aparece en la bandera saudí (además de la escritura)Espada
70%
La segunda ciudad más santaMedina
66%
La constitución es oficialmente este documentoCorán
65%
El animal más grandeCamello
63%
Puerto de la costa oesteYeda
47%
La familia realCasa de Saúd
45%
MonedaRiyal saudí
39%
El método de ejecución más utilizadoDecapitación
38%
Perdió la ciudadanía en 1994Osama bin Laden
31%
El actual monarcaSalmán
31%
Grupo étnico nómadaBeduino
27%
Puerto de la costa esteDammam
25%
La marca fundamentalista de la respuesta anteriorWahabismo
23%
Mares y golfos limítrofesGolfo de {Aqaba}
20%
La empresa más rentableSaudi Aramco
19%
Monarca anterior (muerto en 2015)Abdalá
17%

Distribución de puntuación

Porcentaje por número respondido

Porcentaje de gente con cada puntuación

Historial de tus puntuaciones

No has tomado esta prueba